In Memoriam /

Gespeichert in:
Bibliographische Detailangaben
1. Verfasser: Tennyson, Alfred (Verfasst von)
Weitere Verfasser: Gorlier, Claudio, Dapino, Cesare
Format: Buch
Sprache:Italienisch
Veröffentlicht: Torino : Einaudi, stampa 1975
Schriftenreihe:Collezione di poesia ; 126
Tags: Tag hinzufügen
Keine Tags, Fügen Sie das erste Tag hinzu!

MARC

LEADER 00000nam a22000007i 4500
001 IT\ICCU\RLZ\0122311
003 ItRI
005 20251006210446.0
008 020628s1975 it |||||| ||||| |||||c
040 |b ita  |c ct 
041 7 |a ita  |2 ISO-639-2 
100 1 |a Tennyson, Alfred  |0 IT\ICCU\RAVV\048818  |4 aut 
245 1 0 |a In Memoriam /  |c Alfred Tennyson ; introduzione di Claudio Gorlier ; traduzione di Cesare Dapino. 
260 |a Torino :  |b Einaudi,  |c stampa 1975 
300 |a 241 p. ;  |c 18 cm 
500 |a Tit. orig.: In Memoriam 
700 1 |a Gorlier, Claudio  |0 IT\ICCU\CFIV\025644 
700 1 |a Dapino, Cesare  |0 IT\ICCU\CFIV\038669 
830 0 |a Collezione di poesia ;  |v 126  |0 IT\ICCU\CFI\0001372 
942 |2 ddc  |c BK 
952 |0 0  |1 0  |2 ddc  |4 0  |6 B_LPS01TENALINM11  |7 0  |9 7870  |a MI  |b MI  |d 2013-06-18  |i 1202  |l 0  |o B-LPS01-TENAL-INM11  |p CDOM1202  |r 2025-07-13 16:28:00  |w 2025-07-13  |x Acquisto  |y BK 
981 1 |6 z01  |a i   |b xxxe  
982 1 |6 z01  |a n 
999 |c 6541  |d 6541